Plus grande somme de numéros de départements frontaliers - Statistiques

Statistiques générales
  • Ce quiz a été pris 12 fois
    7 depuis la dernière actualisation
  • Le résultat moyen est 17 sur 20
Statistiques - réponses
Somme des
numéros
Départements % Correct
170 Hauts-de-Seine / Yvelines
100%
167 Paris / Hauts-de-Seine
100%
170 Seine-et-Marne / Seine-Saint-Denis
100%
168 Seine-Saint-Denis / Paris
100%
185 Val-de-Marne / Essonne
100%
169 Val-de-Marne / Paris
100%
169 Yvelines / Essonne
100%
186 Hauts-de-Seine / Val-de-Marne
86%
187 Seine-Saint-Denis / Val-de-Marne
86%
187 Val-d'Oise / Hauts-de-Seine
86%
172 Val-d'Oise / Seine-et-Marne
86%
188 Val-d'Oise / Seine-Saint-Denis
86%
167 Var / Vaucluse
86%
173 Vienne / Haute-Vienne
86%
183 Hauts-de-Seine / Essonne
71%
168 Seine-et-Marne / Essonne
71%
171 Seine-et-Marne / Val-de-Marne
71%
185 Seine-Saint-Denis / Hauts-de-Seine
71%
173 Val-d'Oise / Yvelines
71%
178 Vosges / Territoire de Belfort
57%
Aucun quiz correspondant
Distribution des résultats
% des personnes avec chaque résultat
Percentile par nombre de réponses
Votre historique - résultats
Vous n’avez pas pris ce quiz depuis la dernière actualisation